| 000 | 01486cam a22003974i 4500 | ||
|---|---|---|---|
| 003 | PE-LiUPU | ||
| 005 | 20250731175637.0 | ||
| 008 | 150706s r 000 0 d | ||
| 035 | _a(Sirsi) a49001 | ||
| 040 |
_aPE-LiUPU _bspa _cPE-LiUPU _erda |
||
| 049 | _aPRUA | ||
| 082 | 0 | 4 |
_a492.03 _bJ _221 |
| 100 | 1 |
_aJean, Charles-F, _d1874-1955 _qCharles-Franc¸ois, _eautor. |
|
| 245 | 1 | 0 |
_aDictionnaire des inscriptions sémitiques de L'ouest / _cCharles-F. Jean, Jacob Hoftijzer, editores científicos. |
| 264 | 1 |
_aLeiden : _bE.J.Brill, _c1965. |
|
| 300 |
_a342 páginas ; _c28 cm. |
||
| 336 |
_atext _2rdacontent |
||
| 337 |
_aunmediated _2rdamedia |
||
| 338 |
_avolume _2rdacarrier |
||
| 526 | _aP145 | ||
| 526 | _aP127 | ||
| 526 | _aP97 | ||
| 526 | _aP35 | ||
| 526 | _aP14 | ||
| 526 | _aP07 | ||
| 541 | _g001-002141; | ||
| 650 | 0 | 4 | _aInscripciones Semiticas. |
| 650 | 0 | 4 |
_aLenguaje Semitico _vDiccionarios. |
| 700 | 1 |
_aHoftijzer, Jacob, _d1926?- , _eed. |
|
| 910 |
_agl _bjck _d20101026 |
||
| 942 |
_2ddc _cBOOK |
||
| 949 |
_a492.03 J _wDEWEY _c1 _i62221 _lCCODEBUL1 _mBUL _p16.00 _r0 _sY _tLIBRO _u2015-07-06 _xTEOLOGIA _PP35 _o.STAFF. Colección General |
||
| 994 |
_aC0 _bPEPRU |
||
| 596 | _a1 | ||
| 999 |
_a492.03 J _wDEWEY _c51302 _i62221 _f2021-11-11 _g5 _lCCODEBUL1 _mBUL _p16.00 _r0 _sY _tBOOK _u2015-7-6 _xTEOLOGIA _PP35 _0COMPRA _o.STAFF. Colección General _d51302 |
||
| 980 |
_81 _gALBERTO SANCHEZ Responsable de Automatización |
||